Mi experiencia cubana /
Guardado en:
| Autor Principal: | |
|---|---|
| Formato: | Libro |
| Publicado: |
Montevideo :
El Siglo Ilustrado,
1965
|
| Series: | Coleccion Pueblos Y Paises
|
| Materias: | |
| Etiquetas: |
Agregar Etiqueta
Sin Etiquetas, Sea el primero en etiquetar este registro!
|
| LEADER | 00667nam a22002175a 4500 | ||
|---|---|---|---|
| 001 | EHU.bham024919 | ||
| 003 | AR-BHAM | ||
| 005 | 20130508103546.0 | ||
| 008 | 130507s1965##################000#0#####d | ||
| 082 | A | 8 | |a 864.4 |
| 100 | 1 | |a Martinez Estrada, Ezequiel | |
| 245 | 1 | 0 | |a Mi experiencia cubana / |c Ezequiel Martinez Estrada |
| 260 | |a Montevideo : |b El Siglo Ilustrado, |c 1965 | ||
| 300 | |a 2189 p. | ||
| 490 | 0 | |a Coleccion Pueblos Y Paises | |
| 653 | |a Donacion lejarraga | ||
| 653 | |a Literatura | ||
| 653 | |a Literatura argentina | ||
| 653 | |a Ensayo argentino | ||
| 653 | |a Ensayo argentino-1911- | ||
| 859 | |a AR-BHAM |b BIB. HUMANIDADES - General |h A864.4 |i M366-12 |k A |p 643.02 |t Ej.1 | ||
